000 00354nam a2200145 i 4500
001 bg
245 0 _aAtari Basic :
_bpraca zbiorowa /
_cpod red. Wiesława Miguta.
260 _aWarszawa,
_c1987.
700 1 _aMigut, Wiesław.
_eRed.
040 _cBPK
041 _apol
080 _a681.322
942 _cKS
008 s pl f |000 0 pol
999 _c23769
_d23769
856 _uhttp://koha.tu.koszalin.pl/cgi-bin/koha/opac-detail.pl?biblionumber=23769
_yKatalog online BPK